000 00503nam a22001697a 4500
999 _c41783
_d41783
003 OSt
005 20221109114705.0
008 221109b ||||| |||| 00| 0 eng d
020 _a9788188449163
040 _coclc
082 _a570.285
_bKAS/B
100 _99290
_aKasturi, K
245 _aBioinformatics /
_bA practical manual
_cK Kasturi, B Srilakshmi
260 _aHyderabad:
_bPharmaMed Press,
_c2010.
300 _a92 p
942 _2ddc
_cBK
_h570.285
_iKAS/B
_k570.285
_mKAS/B